000 00626nam a2200181Ia 4500
005 20250923145837.0
008 008 250917s9999 xx 000 0 eng d
037 _aTextual
040 _aDSWL
_beng
_cDSWL
041 _aeng
_2eng
084 _aX8(M13):9.243,dN37'N55't4, N56
_qDSWL
100 _aDaljit Singh
_9839503
245 0 _aWorking and living conditions of hundered twenty working in Shri Gopal Mills Ltd. at Yamuna Nagar
_c by Daljit Singh
260 _aDelhi
_bD.S.S.W.
_c1956
300 _axxiii,120p.
942 _cTEXL
_hX8(M13):9.243,dN37'N55't4, N56
999 _c1456392
_d1456392